Normal view
MARC view
Entry Nome pessoal
001 - NÚMERO DE CONTROLE
- campo de controle: 724
003 - IDENTIFICADOR DO NÚMERO DE CONTROLE
- campo de controle: Br
005 - DATA E HORÁRIO DA ÚLTIMA TRANSAÇÃO
- campo de controle: 20250331102745.0
008 - CAMPO DE DADOS FIXOS
- campo de controle de tamanho fixo: a a
035 ## - NÚMERO DE CONTROLE DO SISTEMA
- Número de Controle do Sistema: 2001110708013960med
040 ## - FONTE DA CATALOGAÇÃO
- Instituição da catalogação original: OSt
100 1# - CABEÇALHO--NOME PESSOAL
- Nome pessoal: Pirandello, Luigi,
- Datas associadas ao nome: 1867-1936
400 1# - REMISSIVA VER--NOME PESSOAL
- Nome pessoal: Pirandello, L.
- Datas associadas ao nome: 1867-1936
670 ## - FONTE POSITIVA DOS DADOS
- Citação da fonte positiva dos dados: Autor de: Um, nenhum e cem mil. 2001.
670 ## - FONTE POSITIVA DOS DADOS
- Citação da fonte positiva dos dados: http://authorities.loc.gov 30/10/2013
- Dados encontrados na fonte localizada no subcampo: (D.)
670 ## - FONTE POSITIVA DOS DADOS
- Citação da fonte positiva dos dados: http://catalogue.bnf.fr
- Dados encontrados na fonte localizada no subcampo: (nacionalidade: italiana; D.)
670 ## - FONTE POSITIVA DOS DADOS
- Citação da fonte positiva dos dados: http://d-nb.info/gnd/118594567/about/html
- Dados encontrados na fonte localizada no subcampo: (D., rem.)